|
|
|
|
| LEADER |
00000nam a2200000 a 4500 |
| 001 |
vtls001128002 |
| 003 |
SK-MaSNL |
| 005 |
20260301153731.0 |
| 008 |
250414s1991 CS 0 cze |
| 020 |
|
|
|a 8020800891
|
| 035 |
|
|
|a SNK000070852
|
| 040 |
|
|
|a SNK
|b slo
|c SNK
|e AACR2
|
| 041 |
0 |
|
|a cze
|
| 044 |
|
|
|a [CS]
|
| 080 |
|
|
|a 641.5(083.12)
|2 1981
|
| 100 |
1 |
|
|a Polaufová, Alžběta
|4 aut
|9 515617
|
| 245 |
1 |
0 |
|a Úsporná kuchyně
|c Alžběta Polaufová ; Fotogr. Jiří Koula
|
| 250 |
|
|
|a 1. vyd.
|
| 260 |
|
|
|a Praha
|b Práce
|c 1991
|
| 300 |
|
|
|a 32 s.
|c 25 cm
|
| 490 |
0 |
|
|a Sešity domácího hospodaření
|v Sv. 169
|
| 700 |
1 |
|
|a Koula, Jiří
|4 pht
|9 515618
|
| 852 |
|
|
|a Slovenská národná knižnica
|
| 919 |
|
|
|a 80-208-0089-1
|
| 999 |
|
|
|c 794241
|d 796171
|
| 952 |
|
|
|t P60, <04>, [BOOK], {604}
|a SNK
|b SNK
|y VYP
|7 0
|p 17A0319669
|o snkIC 118072
|0 0
|1 0
|4 0
|d 2001-10-30
|l 0
|r 2005-01-01 00:00:00
|w 2026-02-24
|